Statystyki dla Wymień wszystkich rywali Erko Juna.

Kliknij tutaj aby rozwiązać quiz!

Ogólne statystyki

  • Ten quiz został rozwiązany 2 razy
  • Średni wynik to 3 z 7

Statystyki odpowiedzi

Wygrana/PrzegranaRywal% Poprawnych
PrzegranaMariusz Pudzianowski
100%
WygranaAkop Szostak
50%
WygranaSzymon Wrzesien
50%
WygranaTomasz Oswiecinski
50%
PrzegranaDamian Olszewski
0%
WygranaGianluca Locicero
0%
WygranaPawel Mikolajuw
0%

Rozkład punktacji

Percentyl według liczby udzielonych odpowiedzi

Procent ludzi z każdym wynikiem

Twoja historia wyników

Nie rozwiązałeś tego quizu